Statistiques concernant Effectif Stade Toulousain saison 2020-2021

Cliquez ici pour prendre le quiz!

Statistiques générales

  • Ce quiz a été pris 70 fois
  • Le résultat moyen est 31 sur 45

Statistiques - réponses

PosteNationalitéRéponse% Correct
Demi de MéléeFranceAntoine Dupont
98%
TalonneurFranceGuillaume Marchand
98%
TalonneurFranceJulien Marchand
98%
PilierFranceCyril Baille
96%
Arrière/ AilierFranceMaxime Médard
96%
Demi d'ouverture/ CentreFranceRomain Ntamack
96%
Arrière/ Demi d'ouvertureFranceThomas Ramos
94%
Ailier/ ArrièreAfrique du SudCheslin Kolbe
92%
Troisième ligne aileFranceFrançois Cros
91%
TalonneurFrancePeato Mauvaka
91%
Deuxième ligneAustralieRichie Arnold
91%
Deuxième ligneAustralieRory Arnold
91%
AilierFranceMatthis Lebel
87%
CentreNouvelle ZélandePita Ahki
87%
Deuxième ligneSamoaIosefa Tekori
85%
Centre/ AilierFranceSofiane Guitoune
85%
Demi d'ouverture/ CentreAustralieZack Holmes
81%
AilierFranceYoann Huget
79%
PilierNouvelle ZélandeCharlie Faumuina
77%
Centre/ AilierFranceLucas Tauzin
75%
PilierFranceRodrigue Neti
75%
PilierFranceDorian Aldegheri
74%
Troisième ligne centreFranceSelevasio Tolofua
74%
Troisième ligne aileAfrique du SudRynhardt Elstadt
72%
Deuxième ligneAustralieEmmanuel Meafou
70%
Troisième ligne centreEtats UnisJerome Kaino
70%
Demi de MéléeFranceBaptiste Germain
66%
Deuxième ligneFranceThibaud Flament
66%
Demi de MéléeFranceAlexi Bales
64%
PilierEtats UnisDavid Ainu'u
64%
TalonneurFranceGuillaume Cramont
64%
Troisième ligne aileFranceAlban Placines
62%
CentreFranceDimitri Delibes
57%
Troisième ligne aileFranceAntoine Miquel
53%
AilierFranceArthur Bonneval
53%
Troisième ligne aileFranceYannick Youyoutte
51%
CentreFrancePierre Fouyssac
49%
PilierFranceClement Castets
43%
PilierFrancePaulo Tafili
43%
Deuxième ligneFranceJoshua Brennan
40%
Troisième ligne aileFranceLouis-Benoît Madaule
28%
AilierFranceMaxime Marty
28%
Demi de MéléeFranceThéo Idjellidaine
28%
CentreFranceSimon Renda
11%
Troisième ligne aileFranceThibaut Hamonou
2%

Distribution des résultats

Percentile par nombre de réponses

% des personnes avec chaque résultat

Votre développement - résultats

Vous n’avez pas pris ce quiz